[Event "Milan SSM op 08"]
[Site "Milan"]
[Date "2014.07.31"]
[Round "3"]
[White "Quagliarella, Sabino Remo"]
[Black "Alati, Alberto"]
[Result "1-0"]
[WhiteElo "1838"]
[BlackElo "1745"]
[PlyCount "79"]
[EventDate "2014.07.29"]
[EventType "swiss"]
[EventRounds "7"]
[EventCountry "ITA"]
[SourceTitle "EXT 2016"]
[Source "ChessBase"]
[SourceDate "2015.10.08"]
[SourceVersion "1"]
[SourceVersionDate "2015.10.08"]
[SourceQuality "1"]

1. d4 Nf6 2. Nf3 e6 3. Nbd2 d5 4. e3 Be7 5. Bd3 Nbd7 6. 0-0 0-0 7. b3 c5 8. c4 a6 9. Qc2 Rb8 10. a4 b6 11. cxd5 exd5 12. Bb2 h6 13. Rfc1 Bb7 14. Ne5 Rc8 15. Qb1 Re8 16. Bf5 Rc7 17. Ndf3 Bd6 18. Bxd7 Nxd7 19. Nxd7 Rxd7 20. a5 Re6 21. dxc5 bxc5 22. Qf5 Bc7 23. Rxc5 Bd6 24. Rcc1 g6 25. Qd3 f5 26. Nd4 Re4 27. Nc6 Qh4 28. g3 Qh3 29. Qf1 Qh5 30. Rc2 Rf7 31. Nd8 d4 32. Nxb7 Rxb7 33. Rc8+ Kf7 34. Bxd4 Rb5 35. Qc4+ Ke7 36. Qg8 g5 37. Qf8+ Ke6 38. Qf6+ Kd7 39. Rd8+ Kc6 40. Qxd6+ 1-0

[Event "Crema op 15th"]
[Site "Crema"]
[Date "2013.08.30"]
[Round "2"]
[White "Alati, Alberto"]
[Black "Motola, Jacopo"]
[Result "0-1"]
[WhiteElo "1764"]
[BlackElo "2039"]
[PlyCount "130"]
[EventDate "2013.08.30"]
[EventType "swiss"]
[EventRounds "6"]
[EventCountry "ITA"]
[SourceTitle "EXT 2015"]
[Source "ChessBase"]
[SourceDate "2014.11.20"]
[SourceVersion "1"]
[SourceVersionDate "2014.11.20"]
[SourceQuality "1"]

1. c4 f5 2. Nc3 Nf6 3. d3 b6 4. g3 Bb7 5. Nf3 e6 6. Bg2 Be7 7. 0-0 0-0 8. Rb1 c5 9. Bf4 Nh5 10. Bd2 Nc6 11. e3 Nf6 12. a3 d5 13. Ne2 dxc4 14. dxc4 Ne4 15. Qc2 Qc7 16. Rfd1 Rad8 17. Nf4 Rd6 18. Bc3 Rfd8 19. Rd3 Nxc3 20. Qxc3 Bf6 21. Qc2 Rxd3 22. Nxd3 Qd6 23. Nf4 Ne5 24. Nxe5 Bxg2 25. Kxg2 Bxe5 26. b4 g5 27. Nh3 Bf6 28. Ng1 Kf7 29. Kf3 g4+ 30. Ke2 Rd7 31. Rb3 Qe5 32. b5 h5 33. h4 Ke7 34. a4 Qa1 35. Rb1 Qe5 36. Rb3 Rd4 37. Ke1 Qe4 38. Rc3 Qxc2 39. Rxc2 Rd3 40. Ne2 Be5 41. Ra2 Bc7 42. Ra1 e5 43. Kf1 Rb3 44. Ra2 Bd8 45. Ke1 Rb4 46. Kd2 Rxc4 47. Kd3 Rb4 48. Nc3 Ke6 49. e4 f4 50. Rd2 Be7 51. Ra2 Rd4+ 52. Kc2 Bd8 53. Kb3 c4+ 54. Kc2 fxg3 55. fxg3 Rd3 56. Ne2 Re3 57. Kd2 Rxe4 58. Kc3 Bc7 59. Kd2 Rd4+ 60. Nxd4+ exd4 61. Ra3 Kd5 62. Kc2 d3+ 63. Kc3 Bxg3 64. Ra2 Kc5 65. a5 Be1+ 0-1

[Event "Crema op 15th"]
[Site "Crema"]
[Date "2013.08.30"]
[Round "1"]
[White "Fantina, Carla"]
[Black "Alati, Alberto"]
[Result "0-1"]
[WhiteElo "1425"]
[BlackElo "1764"]
[PlyCount "80"]
[EventDate "2013.08.30"]
[EventType "swiss"]
[EventRounds "6"]
[EventCountry "ITA"]
[SourceTitle "EXT 2015"]
[Source "ChessBase"]
[SourceDate "2014.11.20"]
[SourceVersion "1"]
[SourceVersionDate "2014.11.20"]
[SourceQuality "1"]

1. c4 Nf6 2. g3 c5 3. Bg2 Nc6 4. Nc3 e6 5. e4 Be7 6. Nf3 Rb8 7. 0-0 0-0 8. d4 d5 9. Bf4 Ra8 10. exd5 exd5 11. cxd5 Nb4 12. d6 Bxd6 13. Bxd6 Qxd6 14. dxc5 Qxc5 15. Rc1 Qa5 16. a3 Nc6 17. Qa4 Qb6 18. b4 Be6 19. Ng5 Bc4 20. Rfe1 Ng4 21. Nce4 Nce5 22. Nc5 Nd3 23. Nxd3 Bxd3 24. Rc5 Qf6 25. f3 Qd4+ 26. Kh1 Nf2+ 27. Kg1 b5 28. Qb3 Ne4+ 29. Kh1 Nxc5 30. bxc5 Bc4 31. Qe3 Qxe3 32. Rxe3 Rfe8 33. Rxe8+ Rxe8 34. h3 Rc8 35. Ne4 f5 36. Nd6 Rxc5 37. Nxc4 bxc4 38. g4 f4 39. Bf1 c3 40. Kg2 c2 0-1